Southville International School and Colleges
Your cart is empty.
  • Cart
  • Lists
    Public lists Eva Luna New books Lux_list list_1
    Your lists Log in to create your own lists
  • Log in to your account
  • Your cookies
  • Search history
Southville International School and Colleges
  • Advanced search
  • Recent comments
  • Most popular
  • Libraries

Log in to your account

Log in with GOOGLE


If you do not have an external account, but do have a local account, you can still log in:

  1. Home
  2. MARC view: 14th deadly sin /
Normal view MARC view ISBD view

14th deadly sin / (Record no. 305357)

[ view plain ]
MARC details
000 -LEADER
fixed length control field 02924cam a2200481 i 4500
001 - CONTROL NUMBER
control field 18343435
003 - CONTROL NUMBER IDENTIFIER
control field SISC
005 - DATE AND TIME OF LATEST TRANSACTION
control field 20161205035240.0
008 - FIXED-LENGTH DATA ELEMENTS--GENERAL INFORMATION
fixed length control field 141022s2015 nyu 000 1 eng d
010 ## - LIBRARY OF CONGRESS CONTROL NUMBER
LC control number 2014954857
020 ## - INTERNATIONAL STANDARD BOOK NUMBER
International Standard Book Number 9780316407021
020 ## - INTERNATIONAL STANDARD BOOK NUMBER
International Standard Book Number 031640702X
020 ## - INTERNATIONAL STANDARD BOOK NUMBER
International Standard Book Number 9780099594567
035 ## - SYSTEM CONTROL NUMBER
System control number (OCoLC)ocn890625496
037 ## - SOURCE OF ACQUISITION
Source of stock number/acquisition Little Brown & Co, 3 Center Plaza 3rd Floor, Boston, MA, USA, 02108-2003, (617)2270730
Note SAN 200-2205
040 ## - CATALOGING SOURCE
Original cataloging agency BTCTA
Language of cataloging eng
Transcribing agency BTCTA
Description conventions rda
Modifying agency YDXCP
-- BDX
-- WIM
-- WARTN
-- O2C
-- WIM
-- UPZ
-- IEB
-- ZHB
-- IK2
-- JP3
-- VP@
-- COO
-- NDS
-- OCLCO
-- OCLCQ
-- MQO
-- TXBXL
-- YOL
-- CDX
-- NDS
-- DLC
042 ## - AUTHENTICATION CODE
Authentication code lccopycat
043 ## - GEOGRAPHIC AREA CODE
Geographic area code n-us-ca
050 00 - LIBRARY OF CONGRESS CALL NUMBER
Classification number PS 3566.A822
Item number .P317 2015
082 00 - DEWEY DECIMAL CLASSIFICATION NUMBER
Classification number 813/.54
100 1# - MAIN ENTRY--PERSONAL NAME
Personal name Patterson, James,
Dates associated with a name 1947-
Relator term author.
245 10 - TITLE STATEMENT
Title 14th deadly sin /
Statement of responsibility, etc James Patterson and Maxine Paetro.
246 3# - VARYING FORM OF TITLE
Title proper/short title Fourteenth deadly sin
250 ## - EDITION STATEMENT
Edition statement 1st edition.
260 ## - PUBLICATION, DISTRIBUTION, ETC. (IMPRINT)
Place of publication, distribution, etc London :
Name of publisher, distributor, etc Arrow Books,
Date of publication, distribution, etc 2015.
300 ## - PHYSICAL DESCRIPTION
Extent 458 pages ;
Other physical details 20 cm.
490 1# - SERIES STATEMENT
Series statement The Women's Murder Club
520 ## - SUMMARY, ETC.
Summary, etc With a beautiful baby daughter and a devoted husband, Detective Lindsay Boxer can safely say that her life has never been better. In fact (for a change), things seem to be going well for all the members of the Women's Murder Club as they gather to celebrate San Francisco Medical Examiner Claire Washburn's birthday. But the party is cut short when Lindsay is called to a gruesome crime scene, where a woman has been murdered in broad daylight. As Lindsay investigates, shocking video footage of another crime surfaces. A video so horrific that it shakes the city to its core. Their faces obscured by masks, the cold blooded criminals in police uniforms on the tape could be anyone -- and now all of Lindsay's co-workers are suspects. As a rash of violence sweeps through San Francisco, and public fear and anger grows, Lindsay and her friends must risk their lives in the name of justice -- before it's too late. --
650 #0 - SUBJECT ADDED ENTRY--TOPICAL TERM
Topical term or geographic name as entry element Women's Murder Club (Imaginary organization)
Form subdivision Fiction.
650 #0 - SUBJECT ADDED ENTRY--TOPICAL TERM
Topical term or geographic name as entry element Policewomen
Geographic subdivision California
-- San Francisco
Form subdivision Fiction.
650 #0 - SUBJECT ADDED ENTRY--TOPICAL TERM
Topical term or geographic name as entry element Murder
General subdivision Investigation
Form subdivision Fiction.
650 #0 - SUBJECT ADDED ENTRY--TOPICAL TERM
Topical term or geographic name as entry element Spree murderers
Form subdivision Fiction.
651 #0 - SUBJECT ADDED ENTRY--GEOGRAPHIC NAME
Geographic name San Francisco (Calif.)
Form subdivision Fiction.
655 #7 - INDEX TERM--GENRE/FORM
Genre/form data or focus term Suspense fiction.
Source of term gsafd
655 #7 - INDEX TERM--GENRE/FORM
Genre/form data or focus term Mystery fiction.
Source of term gsafd
700 1# - ADDED ENTRY--PERSONAL NAME
Personal name Paetro, Maxine,
Relator term author.
800 1# - SERIES ADDED ENTRY--PERSONAL NAME
Personal name Patterson, James,
Dates associated with a name 1947-
Title of a work Women's murder club.
856 42 - ELECTRONIC LOCATION AND ACCESS
Materials specified Contributor biographical information
Uniform Resource Identifier <a href="http://www.loc.gov/catdir/enhancements/fy1510/2014954857-b.html">http://www.loc.gov/catdir/enhancements/fy1510/2014954857-b.html</a>
856 42 - ELECTRONIC LOCATION AND ACCESS
Materials specified Publisher description
Uniform Resource Identifier <a href="http://www.loc.gov/catdir/enhancements/fy1510/2014954857-d.html">http://www.loc.gov/catdir/enhancements/fy1510/2014954857-d.html</a>
906 ## - LOCAL DATA ELEMENT F, LDF (RLIN)
a 7
b cbc
c copycat
d 2
e epcn
f 20
g y-gencatlg
942 ## - ADDED ENTRY ELEMENTS (KOHA)
Source of classification or shelving scheme Library of Congress Classification
Koha item type Books
Holdings
Withdrawn status Lost status Source of classification or shelving scheme Damaged status Home library Current library Shelving location Date acquired Source of acquisition Sub Shelving location Total Checkouts Total Renewals Full call number Barcode Date last seen Date checked out Price effective from Koha item type
    Library of Congress Classification   College Library College Library Fiction Section 12/05/2016 Library Fund   1 2 PS 3566.A822 .P317 2015 C20813 05/08/2018 02/03/2018 12/05/2016 Books

14th deadly sin /

APA

Patterson J., Paetro M., . (2015). 14th deadly sin. London: Arrow Books.

Chicago

Patterson James, Paetro Maxine, . 2015. 14th deadly sin. London: Arrow Books.

Harvard

Patterson J., Paetro M., . (2015). 14th deadly sin. London: Arrow Books.

MLA

Patterson James, Paetro Maxine, . 14th deadly sin. London: Arrow Books. 2015.

  • Place hold
  • Print
  • Cite
  • Add to your cart (remove)
  • Save record
    BIBTEX Dublin Core MARCXML MARC (non-Unicode/MARC-8) MARC (Unicode/UTF-8) MARC (Unicode/UTF-8, Standard) MODS (XML) RIS
  • More searches
    Search for this title in:
    Other Libraries (WorldCat) Other Databases (Google Scholar) Online Stores (Bookfinder.com) Open Library (openlibrary.org)

Exporting to Dublin Core...

SOUTHVILLE LIBRARY

Southville International School and Colleges Library

1281 Tropical Ave. Cor. Luxembourg St., BF Homes International, Las Pinas City

Tel. No. 8256374 / 252358 Loc. 117/146

Powered by Koha